| 000 | 00807nam a2200277Ia 4500 | ||
|---|---|---|---|
| 001 | Para_6534 | ||
| 003 | CHAP | ||
| 008 | 220125s1974 xx 000 0 und d | ||
| 010 | _a205392 | ||
| 040 | _cCHAP | ||
| 082 | _aPA-C 632.95 B37 | ||
| 100 |
_aBard, Janina H. _910161 |
||
| 245 |
_aNematicide Index / _c by Janina H. Bard |
||
| 260 |
_aLondon : _b C.A.B. |
||
| 300 | _a98 p. | ||
| 440 |
_aCommonwealth Institute of Helminthology. Technical Comunicat.;46 _9171422 |
||
| 650 |
_aNematicidas _980808 |
||
| 710 |
_aCommonwealth Institute of Helminthology. Commonwealth Agricultural Bureaux _9171423 |
||
| 901 | _aPA-C 632.95 B37 | ||
| 902 | _aA | ||
| 905 | _a0000001974 0000000000 00 | ||
| 910 | _a1974 | ||
| 942 | _cPARA | ||
| 942 |
_cPARA _d1 |
||
| 999 |
_c205392 _d205392 |
||